LEADER 02757oam 2200649I 450 001 9910789972303321 005 20230912155207.0 010 $a1-136-13653-3 010 $a1-136-13654-1 010 $a1-280-58224-3 010 $a9786613612021 010 $a0-08-095935-0 024 7 $a10.4324/9780080959351 035 $a(CKB)2670000000155164 035 $a(EBL)863371 035 $a(OCoLC)778340093 035 $a(SSID)ssj0000629796 035 $a(PQKBManifestationID)11380227 035 $a(PQKBTitleCode)TC0000629796 035 $a(PQKBWorkID)10731754 035 $a(PQKB)11658598 035 $a(OCoLC)785782436 035 $a(OCoLC)780444441 035 $a(CaSebORM)9780240812182 035 $a(MiAaPQ)EBC4689479 035 $a(MiAaPQ)EBC863371 035 $a(EXLCZ)992670000000155164 100 $a20180706d2012 uy 0 101 0 $aeng 135 $aur|n|---||||| 181 $2rdacontent 182 $2rdamedia 183 $2rdacarrier 200 10$aAction analysis for animators /$fChris Webster 205 $a1st edition 210 1$aBoston :$cFocal Press,$d2012. 215 $a1 recurso en li?nea 300 $aIncludes index. 311 $a1-138-40322-9 311 $a0-240-81218-2 320 $aIncludes bibliographical references and index. 327 $aMachine generated contents note: Introduction Why analyse action? The Study of Motion Naturalistic action, abstract action, Dynamics and Laws of Motion Animation Principles Figures in Motion Assignments Animals in Motion Assignments None Organic Action Clothing and costumes, Water, Wind, Fire, Others Capturing Action Methodologies for Analysis Reference and Research Sources, Creating a Reference Library. 330 $aAction Analysis is one of the fundamental principles of animation that underpins all types of animation: 2d, 3d, computer animation, stop motion, etc. This is a fundamental skill that all animators need to create polished, believable animation. An example of Action Analysis would be Shrek's swagger in the film, Shrek. The animators clearly understood (through action analysis) the type of walk achieved by a large and heavy individual (the real) and then applied their observations to the animated character of an ogre (the fantastic). It is action analysis that enabled the animation team to visual 606 $aCine$2LOCAL 606 $aLibros electronicos$2LOCAL 615 17$aCine 615 27$aLibros electronicos 676 $a777 676 $a778.58 700 $aWebster$b Chris$f1954-,$01566216 801 0$bMiAaPQ 801 1$bMiAaPQ 801 2$bMiAaPQ 906 $aBOOK 912 $a9910789972303321 996 $aAction analysis for animators$93836586 997 $aUNINA LEADER 00861nam0-22003011i-450 001 990001726440403321 005 20250923111204.0 035 $a000172644 035 $aFED01000172644 035 $a(Aleph)000172644FED01 100 $a20030910d1913----km-y0itay50------ba 101 0 $aita 102 $aIT 105 $a--------101yy 200 1 $aAtti del congresso forestale italiano$eTorino, 1911 210 $aTorino$cTip. Ditta G. Derossi$d1913 215 $a298 p.$d25 cm 610 0 $aForeste 676 $a634.9 710 12$aCongresso forestale italiano$f<1911 ;$eTorino>$0355366 801 0$aIT$bUNINA$gRICA$2UNIMARC 901 $aBK 912 $a990001726440403321 952 $a60 634.9 B 1$b19618$fFAGBC 952 $aA MUSA 1020$b03/4266/25$fFAGBC 959 $aFAGBC 996 $aAtti del congresso forestale italiano$9359869 997 $aUNINA